Les meilleurs buteurs de l'histoire de l'Atlético de Madrid - Statistiques

Statistiques générales
  • Ce quiz a été pris 55 fois
  • Le résultat moyen est 4 sur 10
Statistiques - réponses
Buts Nationalité Joueur % Correct
175 France Antoine Griezmann
100%
129 Espagne Fernando Torres
76%
96 Uruguay Diego Forlán
70%
101 Argentine Sergio Agüero
60%
155 Espagne Luis Aragonés
38%
121 Espagne José Eulogio Gárate
6%
91 Espagne Adelardo
4%
85 Espagne Joaquín Peiró
2%
87 Espagne Paco Campos
2%
92 Espagne Manolo
0%
Aucun quiz correspondant
Distribution des résultats
% des personnes avec chaque résultat
Percentile par nombre de réponses
Votre historique - résultats
Vous n’avez pas pris ce quiz